书目信息 |
| 题名: |
风沙地貌学
|
|
| 作者: | 吴正 编著 | |
| 分册: | ||
| 出版信息: | 北京 科学出版社 1987 |
|
| 页数: | 316页 | |
| 开本: | 20cm | |
| 丛书名: | ||
| 单 册: | ||
| 中图分类: | P931.3 | |
| 科图分类: | ||
| 主题词: | 风沙-地貌学--基础理论 , 地貌学-风沙--基础理论 | |
| 电子资源: | ||
| ISBN: | ||
| 000 | 00654nam0 2200253 45 | |
| 001 | 0187013938 | |
| 005 | 20040524154048.2 | |
| 010 | @dCNY3.20 | |
| 091 | @a13031.3906 | |
| 100 | @a19951123d1987 em y0chiy0121 ea | |
| 101 | 0 | @achi |
| 102 | @aCN@b110000 | |
| 105 | @ay z 000yy | |
| 106 | @ar | |
| 200 | 10 | @a风沙地貌学@Afeng sha di mao xue@f吴正编著 |
| 210 | @a北京@c科学出版社@d1987 | |
| 215 | @a316页@d20cm | |
| 606 | @a风沙-地貌学@x基础理论 | |
| 606 | @a地貌学-风沙@x基础理论 | |
| 690 | @aP931.3@v3 | |
| 701 | 0 | @a吴正@4编著@Awu zheng |
| 801 | 0 | @aCN@b深圳图书馆@c20040524 |
| 801 | 2 | @aCN@bNLC@c20040524 |
| 905 | @f1@b203975@dP931.3@e47 | |
| 风沙地貌学/吴正编著.-北京:科学出版社,1987 |
| 316页;20cm |
| ISBN :CNY3.20 |
| ● |
| 相关链接 |
|
|
|
|
正题名:风沙地貌学
索取号:P931.3/47
 
预约/预借
| 序号 | 登录号 | 条形码 | 馆藏地/架位号 | 状态 | 备注 |
| 1 | 0203975 | 000075509 | 第三借阅区/ [索取号:P931.3/47] | 在馆 | |
| 2 | 0203976 | 202106639 | 第二样本阅览室/ [索取号:P931.3/47] | 在馆 |